Normal view
MARC view
Entry Geographic Name
001 - CONTROL NUMBER
- control field: 43830
003 - CONTROL NUMBER IDENTIFIER
- control field: ARRUPE
005 - DATE AND TIME OF LATEST TRANSACTION
- control field: 20190108095925.0
008 - FIXED-LENGTH DATA ELEMENTS
- fixed length control field: 190108|| aca||aabn | a|a d
040 ## - CATALOGING SOURCE
- Original cataloging agency: ARRUPE
- Transcribing agency: ARRUPE
151 ## - HEADING--GEOGRAPHIC NAME
- Geographic name: Wales
- General subdivision: Antiquities.
670 ## - SOURCE DATA FOUND
- Source citation: Work cat.: (ARRUPE)0: Clark, Grahame, 1907-1995. 43827, Prehistoric England., [1940]